| LEADER | 00484cam a2200169 7i4500 | ||
|---|---|---|---|
| 001 | 0000004832 | ||
| 005 | 20060907090000.0 | ||
| 002 | ##000006383 | ||
| 020 | 0 | 0 | |a T000005161 |
| 090 | 0 | 0 | |a T 382.7 |b AUS(ASTL) |
| 245 | 0 | 0 | |a Australian customs tariff guide. |
| 260 | 0 | 0 | |a Canberra: |b Australian Customs Service, |c 1988. |
| 300 | # | # | |a [n.p]. |
| 500 | 0 | 0 | |a Library has 1983 and 1988 |
| 650 | 0 | 0 | |a Tariff -- |z Australia |
| 651 | 0 | 0 | |a Australia |
| 999 | |a 0000001918 |b Book |c Open shelf |e Business Information Centre | ||